Normal view MARC view
  • Hope, Christopher

Entry Personal Name

Number of records used in: 1

001 - CONTROL NUMBER

  • control field: 98593

003 - CONTROL NUMBER IDENTIFIER

  • control field: NUST

005 - DATE AND TIME OF LATEST TRANSACTION

  • control field: 20220829143533.0

008 - FIXED-LENGTH DATA ELEMENTS

  • fixed length control field: 220829|| aca||aabn | a|a d

040 ## - CATALOGING SOURCE

  • Original cataloging agency: NUST
  • Transcribing agency: NUST

100 ## - HEADING--PERSONAL NAME

  • Personal name: Hope, Christopher

670 ## - SOURCE DATA FOUND

  • Source citation: Work cat.: (NUST)174450: Conrad, Joseph, 1857-1924. 12078, Lord Jim /, 1999.
© 2023 Central Library, National University of Sciences and Technology. All Rights Reserved.